Wýbor praci Společnosti Česko-Slowanské Leta Pane 1832

Zbierka príhovorov, literárnych a iných prác členov Spoločnosti Česko-slovanskej

Bibliographic Details
Corporate Author: Spoločnosť česko-slovanská (Bratislava, Slovensko) (Author)
Format: Manuscript Book
Language:Czech
PhysicalDescription:295 v rôznom stránkovaní rukopis, viazaný 25 cm
Published: [Bratislava] 1832-1839
Subjects:

MARC

LEADER 00000ctmaa2200000 a 4500
001 vtls011863265
003 SK-MaSNL
005 20260301051846.0
008 230802i1832 xo || 000nm cze
035 |a urn:nbn:sk:snk-tm00dwpi 
035 |a urn:nbn:sk:snk-tm3n2ym 
035 |a 5E37ECBD-12F4-41C8-8E3B-B55764B20FB9 
040 |a SNKLA  |b slo  |c SNKLA  |e AACR2 
041 0 |a cze 
044 |a xo  |c SK 
072 7 |a 37  |x Výchova a vzdelávanie  |2 konspekt 
080 |a (042.5)  |2 2011 
080 |a (062.13)  |2 2011 
080 |a 025.171  |2 2011 
080 |a 82-3  |2 2011 
080 |a 82-1  |2 2011 
080 |a (082.2)  |2 2011 
080 |a (079)37.091.27  |2 2011 
110 2 |a Spoločnosť česko-slovanská (Bratislava, Slovensko)  |4 aut  |9 184288 
245 0 0 |a Wýbor praci Společnosti Česko-Slowanské Leta Pane 1832 
260 |a [Bratislava]  |c 1832-1839 
300 |a 295 v rôznom stránkovaní  |b rukopis, viazaný  |c 25 cm 
520 2 |a Zbierka príhovorov, literárnych a iných prác členov Spoločnosti Česko-slovanskej 
555 0 |a III. Inventár rukopisov Literárneho archívu MS. III. Starý fond. C-Náučné a iné práce. Matica slovenská v Martine 1974 
561 |a Okrúhla pečiatka: Literárny archív Matice slovenskej Martin 
561 |a Okrúhla pečiatka: Museálna slovenská spoločnosť 
655 7 |a stanovy  |2 SNKPH  |9 70547 
655 7 |a rukopisy  |2 SNKPH  |9 70548 
655 7 |a príhovory  |2 SNKPH  |9 75648 
655 7 |a poézia  |2 SNKPH  |9 70555 
655 7 |a prózy  |2 SNKPH  |9 74739 
655 7 |a antológie  |2 SNKPH  |9 70414 
655 7 |a študentské práce  |2 SNKPH  |9 119560 
787 0 8 |i Vydané ako faksimile v roku 1975  |g uložené v SNK, signatúra SC 85200 
852 |a Slovenská národná knižnica  |b Literárny archív 
958 |a ZNI 
958 |a LAVD 
999 |c 604449  |d 606379 
952 |a SNKLA  |b SNKLA  |c SNKLA_DEP  |y NEVYP  |7 0  |p 17A1228768  |o snkC 1476  |0 0  |1 0  |4 0  |d 2019-04-26  |f 1  |l 0  |r 2026-02-23 16:04:54  |w 2026-02-23